| 000 | 01026cab a2200253 4500 | ||
|---|---|---|---|
| 001 | WB2924-23 | ||
| 008 | 090401t1993 xxu||||| |||| 00| 0 eng d | ||
| 035 | _a(Sirsi) u59025 | ||
| 041 | _aeng | ||
| 245 | _aNotice cannot keep order alive | ||
| 260 | _c1993 | ||
| 350 | _a0 | ||
| 490 |
_aTimes _v23 June 1993, 32(1) |
||
| 520 | _aIn "Co-Operative Insurance Society Ltd v Hastings BC", ChD 16 June 1993, it was held that where an authority had secured a cpo it must, if it wished to proceed with the purchase, within three years from that date either serve on the owner a notice to treat or proceed to acquire the property. | ||
| 650 | _aCOMPULSORY PURCHASE (VESTING DECLARATIONS) ACT 1981 S4 | ||
| 650 |
_aCompulsory purchase _96228 |
||
| 650 | _aHASTINGS CRICKET GROUND | ||
| 650 | _aNOTICE TO TREAT | ||
| 650 | _aTIME LIMITS | ||
| 650 | _aVESTING DECLARATION | ||
| 690 | _aENVIRONMENTAL AND LAND CONSULTANCY-PLANNING AND DEVELOPMENT-COMPULSORY PURCHASE AND COMPENSATION | ||
| 942 | _n0 | ||
| 948 | _c04/03/1997 | ||
| 999 |
_c36139 _d36139 |
||